Normal view
MARC view
- National Association for the Advancement of Colored People
Entry Corporate Name
001 - CONTROL NUMBER
- control field: 141294
003 - CONTROL NUMBER IDENTIFIER
- control field: KE-NaSUL
005 - DATE AND TIME OF LATEST TRANSACTION
- control field: 20250825194100.0
008 - FIXED-LENGTH DATA ELEMENTS
- fixed length control field: 250825|| aca||aabn | a|a d
040 ## - CATALOGING SOURCE
- Original cataloging agency: KE-NaSUL
- Transcribing agency: KE-NaSUL
110 ## - HEADING--CORPORATE NAME
- Corporate name or jurisdiction name as entry element: National Association for the Advancement of Colored People
- General subdivision: History
- Chronological subdivision: 20th century
670 ## - SOURCE DATA FOUND
- Source citation: Work cat.: (KE-NaSUL)101205: Sartain, Lee. 141293, Invisible activists, c2007.